• 首页
  • 本馆介绍
  • 公告通知
  • 最新文献
  • 馆藏检索
  • 电子资源
  • 读者导购
  • 参考咨询
  • 我的图书馆
  • 登录
  • 详细信息显示
  • 放入我的书架
  • 预约/预借图书
  • 作者相关作品
  • 分类相关作品
  • 丛书相关作品
  • 出版社相关作品

书目信息

  • 表格格式
  • 工作单格式
  • 卡片格式
题名:
实用农畜产品质量安全检测技术
    
 
作者: 刘迎贵 , 姚一萍 , 武金凤 编著
分册:  
出版信息: 北京   化学工业出版社  2013.08
页数: 465页
开本: 26cm
丛书名:
单 册:
中图分类: S817.2 , S37
科图分类:
主题词: 农产品--质量检验 , 畜产品--质量检验 , 农产品 , 质量检验 , 畜产品
电子资源:
ISBN: 978-7-122-17364-5
000 01298nam0 2200325 450
001 012013165413
005 20140610085601.85
010    @a978-7-122-17364-5@dCNY85.00
100    @a20130729d2013 em y0chiy0110 ea
101 0  @achi
102    @aCN@b110000
105    @aak z 000yy
106    @ar
200 1  @a实用农畜产品质量安全检测技术@9shi yong nong xu chan pin zhi liang an quan jian ce ji shu@f刘迎贵,姚一萍,武金凤等编著
210    @a北京@c化学工业出版社@d2013.08
215    @a465页@c图@d26cm
330    @a本书共12章,主要内容包括:农畜产品药物残留分析检测分析基础知识、实验室布局、功能和基本要求、农畜产品质量安全分析检测的一般操作程序和结果计算方法、酶联免疫试剂盒快速筛选法、比色及分光光度法、气相色谱与液相色谱分析法、气相色谱—质谱分析法、液相色谱—串联质谱分析法、原子吸收与原子荧光分析法、洁净实验室的要求和有害病源微生物分析法等内容。
333    @a本书可作为各级农畜产品质量检测机构人员的培训教材
606 0  @a农产品@x质量检验
606 0  @a畜产品@x质量检验
606 0  @a农产品
606 0  @a质量检验
606 0  @a畜产品
690    @aS817.2@v5
690    @aS37@v5
701  0 @a刘迎贵@9liu ying gui@4编著
701  0 @a姚一萍@9yao yi ping@4编著
701  0 @a武金凤@9wu jin feng@4编著
801  0 @aCN@b人天书店@c20130729
905    @b846775-77@dS817.2@e102@f3
    
    实用农畜产品质量安全检测技术/刘迎贵,姚一萍,武金凤等编著.-北京:化学工业出版社,2013.08
    465页:图;26cm
    使用对象:本书可作为各级农畜产品质量检测机构人员的培训教材
    
    ISBN 978-7-122-17364-5:CNY85.00
    本书共12章,主要内容包括:农畜产品药物残留分析检测分析基础知识、实验室布局、功能和基本要求、农畜产品质量安全分析检测的一般操作程序和结果计算方法、酶联免疫试剂盒快速筛选法、比色及分光光度法、气相色谱与液相色谱分析法、气相色谱—质谱分析法、液相色谱—串联质谱分析法、原子吸收与原子荧光分析法、洁净实验室的要求和有害病源微生物分析法等内容。
●
相关链接 在E读中查询图书 在五车中查询图书 在当当中查询图书 在豆瓣中查询图书


正题名:实用农畜产品质量安全检测技术     索取号:S817.2/102         预约/预借

序号 登录号 条形码 馆藏地/架位号 状态 备注
1 846775   208467755   第二样本阅览室/ [索取号:S817.2/102] 在馆    
2 846776   208467764   第三借阅区/ [索取号:S817.2/102] 在馆    
3 846777   208467773   生命科学系资料室/ [索取号:S817.2/102] 在馆    
唐山师范学院图书馆 欢迎您!
大连网信软件有限公司© 版权所有